| 000 | 01433nam a2200349 i 4500 | ||
|---|---|---|---|
| 001 | 196838 | ||
| 003 | ES-MaACL | ||
| 005 | 20250803063110.0 | ||
| 008 | 250103b2024 sp ||||| |||| 00| 0 spa d | ||
| 017 |
_aBI 00957-21024 _bOficina Depósito Legal Vizcaya |
||
| 020 | _a9788419751010 | ||
| 040 |
_bspa _cES-MaACL |
||
| 080 | _2331.101.262(460) | ||
| 080 | _237:331.5(460) | ||
| 080 | _2331.52(460) | ||
| 080 | _2377.127.98(460) | ||
| 100 | 1 |
_aHernández Lahiguera, Laura _9159584 _eaut |
|
| 245 | 1 |
_aDe los estudios a las competencias : _bcondicionantes y resultados del capital humano en España / _cLaura Hernández Lahiguera, Vicente Martínez-Tur, María Moraga Fernández ; dirigido por José María Peiró Silla y Lorenzo Serrano Martínez. |
|
| 250 | _aPrimera edición: julio 2024 | ||
| 260 |
_aBIlbao : _bFundación BBVA, _c2023. |
||
| 300 |
_a439 páginas ; _c24 cm |
||
| 336 |
_2rdacontent _atexto |
||
| 337 |
_2rdamedia _asin mediación |
||
| 338 |
_2rdacarrier _avolumen |
||
| 700 | 1 |
_aMartínez-Tur, Vicente _eaut _9241523 |
|
| 700 | 1 |
_aMoraga Fernández, María _eaut _9241524 |
|
| 852 |
_aES-MaACL _cDEPOJ _jN-10316 _xEncuadernación rústica con solapas _9206438 _hDonación: Editorial |
||
| 942 |
_cMONOGRAFIA _n0 |
||
| 999 |
_c196838 _d196838 |
||